000 00484nam a2200169Ia 4500
008 230711s9999||||xx |||||||||||||| ||und||
020 _a978-81-265-4726-5
041 _aENG
082 _a637
_bHU-D
100 _aHui,Y.H
245 0 _aDairy Science and Technology Handbook Volume 3
_bApplications Science,Technology and Engineering
250 _a1st Ed.
260 _c1993
_aNew Delhi
_bWiley India Pvt.Ltd
300 _a437p.
650 _aFood Science and Technology
942 _cBK
999 _c7386
_d7386